Age of Vikings - Statistics

General Stats
  • This quiz has been taken 236 times
    39 since last reset
  • The average score is 15 of 22
Answer Stats
Question Answer % Correct
What land did the Vikings originally call home? Scandinavia
97%
In Norse mythology, what is the name of enormous hall located in Asgard, ruled over by the god Odin? Valhalla
94%
What years cover the Viking Age of expansion? 800 to 1066
85%
What type of ships the Vikings used when exploring and raiding? Longships
85%
Who is is the most powerful and wisest god of Vikings? Odin
85%
What were the angular alphabetic characters used by the Vikings and other Germanic peoples? Runes
82%
Why did the English consider the Vikings to be barbarians? They raided religious monasteries
82%
A head of which animal the Vikings were putting in front of the ship to frighten the spirits of lands they were raiding? Dragon
79%
Which Viking discovered and settled North America long before Christopher Columbus? Leif Ericson
76%
What epic poem written in England tells the story of a Scandinavian hero? Beowulf
70%
Which famous Viking discovered Greenland? Erik the Red
70%
What helped to put an end to the Viking Age and expansion? When the Vikings converted to Christianity
70%
The end of the Viking Age is often marked by the Vikings losing a battle to what peoples? The English
67%
What does the word "viking" mean in Old Norse? To raid
64%
Which European capital was founded by Viking raiders? Dublin
58%
Which kingdom of Anglo-Saxon England was the only one that remained independent of Viking rule? Wessex
58%
What is the ancient midwinter festival celebrated by the Vikings that marks the winter solstice? Yule
55%
Who thought that England should once again belong to Norway and that he should be the rightful King of England after Edward the Confessor died? Harald Hardrada
52%
The world's oldest parliament was established by the Vikings in which country? Iceland
52%
According to Norse mythology he rode a horse called Sleipnir. How many legs he have? Eight
45%
Who is according to Norse sagas, the Viking famous for killing his brothers to secure his claim to the throne of Norway? Erik Bloodaxe
24%
Who is Loki in Norse mythology? God of Fire
21%
No matching quizzes found
Score Distribution
Percent of People with Each Score
Percentile by Number Answered
Your Score History
You have not taken this quiz since the last reset